000 02375nam0a2200361 4500
001 RU\NLR\bibl\1286351
005 20260407060944.0
021 _aRU
_b2008-68148
_93896
035 _a(NLR Aleph) 001272072
090 _a445386
_c445386
100 _a20081021d2008 |||y0rusy50 ca
101 0 _arus
102 _aRU
105 _aa |||||||||
200 1 _aКультурно-историческая среда и предпринимательство Сибири
_eматериалы III Межрегиональной научно-практической конференции, посвященной Международному дню памятников и исторических мест, 17 апреля 2008 г.
_f[редкол.: Царев В. И., д. арх., проф. и др.]
210 _aКрасноярск
_c[б. и.]
_d2008
215 _a216, [1] с.
_cил.
_d29
300 _aВ надзаг.: Краснояр. гос. торг.-экон. ин-т, Служба по охране объектов культ. наследия Администрации Краснояр. края, Служба по контролю объектов в обл. градостроит. деятельности Администрации Краснояр. края [и др.]
320 _aБиблиогр. в конце ст.
606 1 _aПамятники истории и культуры
_jСъезды, совещания и т.п.
_yСибирь
_92548388
_3RU\NLR\auth\661508147
606 1 _aПредпринимательство
_jСъезды, совещания и т.п.
_xИстория
_yСибирь
_92078945
_3RU\NLR\auth\661254812
606 1 _aБлаготворительность
_jСъезды, совещания и т.п.
_xИстория
_yСибирь
_92228207
_3RU\NLR\auth\661337530
686 _aТ3(2Р5)л60я431
686 _aТ3(2Р5)0-2я431
686 _aУ9(28)-13(2Р5)я431
686 _aУ27(28)68я431
702 1 _4340
_8rus
_7ca
_aЦарев
_bВ. И.
_f1955-
_gВладимир Иннокентьевич
_3RU\NLR\auth\7775621
_958549
712 0 2 _4570
_aКрасноярский государственный торгово-экономический институт
_3RU\NLR\AUTH\8810027897
_9554288
801 0 _aRU
_bNLR
_c20081021
_gRCR
801 1 _aRU
_bNLR
_c20081021
942 _cBOOK
980 _aNB